Kiállítás Kiskúnhalason [Kiskunhalason]
Elmentve itt :
| Dokumentumtípus: | Cikk |
|---|---|
| Megjelent: |
1942
|
| Sorozat: | Magyar lélek : a magyar népművelők országos folyóirata
4 No. 11 |
| Kulcsszavak: | Néprajztudomány |
| Online Access: | http://misc.bibl.u-szeged.hu/2687 |
| LEADER | 00561nab a2200157 i 4500 | ||
|---|---|---|---|
| 001 | misc2687 | ||
| 005 | 20191106141918.0 | ||
| 008 | 170607s1942 hu o 0|| hun d | ||
| 040 | |a SZTE Miscellanea Repozitórium |b hun | ||
| 041 | |a hun | ||
| 245 | 0 | 0 | |a Kiállítás Kiskúnhalason [Kiskunhalason] |h [elektronikus dokumentum] |
| 260 | |c 1942 | ||
| 300 | |a 522-523 | ||
| 490 | 0 | |a Magyar lélek : a magyar népművelők országos folyóirata |v 4 No. 11 | |
| 695 | |a Néprajztudomány | ||
| 856 | 4 | 0 | |u http://misc.bibl.u-szeged.hu/2687/1/magyar_lelek_004_011_522-523.pdf |z Dokumentum-elérés |